| 000 | 00456nam a22001337a 4500 | ||
|---|---|---|---|
| 040 | _cNUST | ||
| 082 | _a220 PRO | ||
| 100 |
_aSadia Usman Mohib Jehangir Mirza Muhammad Saad Bin Tariq Muhammad Adil Haroon _986415 |
||
| 110 |
_a Sponsoring Ds Dr. Muhammad Mubasher Saleem _986416 |
||
| 245 | _aPR-SOF-1965-Assisstive Robotics for Disabled and Elderly | ||
| 260 |
_aISLAMABAD: _bNUST COLLEGE OF EME, _c2021. |
||
| 650 |
_aDE-MTS-38 _986417 |
||
| 942 |
_2ddc _cPR |
||
| 999 |
_c587314 _d587314 |
||